000
00317nam a22001457a 4500
008
230703b ||||| |||| 00| 0 eng d
020
_a
9781599848471
041
_a
eng
080
_a
611
082
_a
611FRU
100
_a
10
101
_a
ATOM
245
_a
ANATOMY AND PHYSIOLOGY
_c
FRUCHT .S.S
942
_2
udc
_c
BK
999
_c
60074
_d
60074